Normal view MARC view
  • CHAUHAN, D.S. KUMAR ANIL ,GARG ,P.K GUPTA PROF (DR) SUBHASH C AND OTHERS

Entry Personal Name

Number of records used in: 1

001 - CONTROL NUMBER

  • control field: 8346

003 - CONTROL NUMBER IDENTIFIER

  • control field: JRU

005 - DATE AND TIME OF LATEST TRANSACTION

  • control field: 20240109124831.0

008 - FIXED-LENGTH DATA ELEMENTS

  • fixed length control field: 240109|| aca||aabn | a|a d

040 ## - CATALOGING SOURCE

  • Original cataloging agency: JRU
  • Transcribing agency: JRU

100 ## - HEADING--PERSONAL NAME

  • Personal name: CHAUHAN, D.S. KUMAR ANIL ,GARG ,P.K GUPTA PROF (DR) SUBHASH C AND OTHERS

670 ## - SOURCE DATA FOUND

  • Source citation: Work cat.: (JRU)5760: CHAUHAN, D.S. KUMAR ANIL ,GARG ,P.K GUPTA PROF (DR) SUBHASH C AND OTHERS, ENVIRONMENTAL STUDIES :curriculum based on primary research, 2017